Sweet, Sweet Dessert - Sudden Death - Statistics

General Stats
  • This quiz has been taken 418 times
  • The average score is 16 of 24
Answers on the Grid
Answers color-coded by a green-red scale on the quiz's grid according to % correct below.
Baklava
Bonbon
Bouillon Cube
Brøderbund
Cannoli
Ceviche
Churro
Crème Brûlée
Croquembouche
Éclair
Florentine
Foie Gras
Ganache
Gyoza
Halva
Hummus
Kimchi
Macaroon
Marzipan
Meringue
Mochi
Nougat
Ouzo
Paella
Panache
Penuche
Praline
Profiterole
Shiraz
Souvlaki
Strudel
Tiramisu
Toffee
Torte
Turkish Delight
Zeppole
 
Answer Stats
Answer % Correct
Baklava
88%
Crème Brûlée
87%
Churro
86%
Éclair
81%
Macaroon
80%
Tiramisu
80%
Bonbon
79%
Nougat
77%
Toffee
77%
Meringue
73%
Mochi
73%
Ganache
72%
Cannoli
71%
Turkish Delight
71%
Marzipan
70%
Strudel
70%
Praline
66%
Torte
59%
Profiterole
51%
Croquembouche
38%
Halva
38%
Florentine
33%
Zeppole
22%
Penuche
11%
No matching quizzes found
Score Distribution
Percent of People with Each Score
Percentile by Number Answered
Your Score History
You have not taken this quiz